000 00675nam a2200217 i 4500
001 bg
100 1 _aHALAUNBRENNER, Jadwiga
245 1 0 _aĆwiczenia laboratoryjne z fizyki /
_cJadwiga Halaunbrenner, Mieczysław Kmiecik ; Politechnika Krakowska im. Tadeusza Kościuszki.
250 _aWyd. 9.
260 _aKraków :
_bPK,
_c1994.
300 _a287 s. :
_brys., wykr. ;
_c24 cm.
521 _aSkrypt dla studentów wyższych szkół technicznych.
650 9 _aFizyka
655 _aĆwiczenia i zadania
700 1 _aKMIECIK, Mieczysław
040 _cBPK
041 0 _apl
080 _a53(075.8)(076)
942 _cKS
008 s pl f |000 0 pol
999 _c24375
_d24375
856 _uhttp://koha.tu.koszalin.pl/cgi-bin/koha/opac-detail.pl?biblionumber=24375
_yKatalog online BPK